[Event "South American-ch U10"]
[Site "Santiago de Chile"]
[Date "2016.12.02"]
[Round "3.14"]
[White "Cucchi, Leonardo"]
[Black "Jarufe Llerena, Gabriel"]
[Result "0-1"]
[WhiteElo "1362"]
[BlackElo "1109"]
[PlyCount "40"]
[EventDate "2016.12.01"]
[EventType "swiss"]
[EventRounds "9"]
[EventCountry "CHI"]
[SourceTitle "EXT 2022"]
[Source "ChessBase"]
[SourceDate "2021.10.06"]
[SourceVersion "1"]
[SourceVersionDate "2021.10.06"]
[SourceQuality "1"]

1. e4 e5 2. Nf3 d6 3. d4 Nd7 4. Nc3 Ngf6 5. Bg5 Be7 6. Bc4 0-0 7. 0-0 h6 8. Bh4 c6 9. Bg3 exd4 10. Qxd4 Qc7 11. Rad1 Ne8 12. Bh4 Bxh4 13. Nxh4 Ndf6 14. Bb3 Be6 15. Bxe6 fxe6 16. Ng6 Rf7 17. Ne2 Kh7 18. Qd3 e5 19. Nh4 Qb6 20. Ng3 Qxb2 0-1